| 000 | 00373pam a2200157a 44500 | ||
|---|---|---|---|
| 008 | 230515b1984 xxu||||| |||| 00| 0 eng d | ||
| 020 | _aNULL | ||
| 041 | _aENGLISH | ||
| 082 | _aN.D. | ||
| 100 | _aPARKAR , SMITH N. N. | ||
| 245 | _aPROBLEMS IN ELECTRICAL ENGINEERING | ||
| 250 | _a0 | ||
| 260 |
_aNULL _bCBS PUBLISHER & DIST. _c1984 |
||
| 300 | _a398 | ||
| 650 | _aNULL | ||
| 999 |
_c569348 _d569348 |
||